00759naa#a2200169#i#4500001001600000005001700016011001400033100004100047102000700088200011700095210005200212215001000264608002700274675024200301700002400543856002200567EN\\bibl\12211220260602064805.2##a1998-6785##a20230621b2023####ek#y0engy0150####ca##aRU1#aInterregional Russian-Chinese cooperation: an expert view from the regions and cities of RussiaeJournal article1#aVladivostokcVladivostok State Universityd2023##a9 с.##aJournal article2local##aОбщие вопросы. География как наука. Страноведение. Географические исследования. Путешествия. 910aУправление рабочей силой. 331.5.024.54#1aMakeevagSvetlana B4#aojkum.editorum.ru